000 01262nam a2200217Ia 4500
001 15707
003 GE_BSU
008 181216s||||||||xx |||||||||||||| ||und||
040 _cGE_BSU
080 _a821.353.1.092
100 _aწერეთელი, ა. (აკაკი, 1840-1915)
245 _aდაცალცაკება დასუსტებაა...; ვინც წარსულს ივიწყებს, ის მომავალზედაც ხელს იღებს; ყველანი სიკვდილის შვილები ვართ
245 _cშემდგ.: გივი ბოჯგუა.რედ. ე. პოლოლიკაშვილი. ნ. ჭყოიძე
260 _aთბილისი
260 _bგანათლება
260 _c1991.
300 _a160 გვ. ; 20 სმ.
653 _aდაცალცაკება დასუსტებაა...; ვინც წარსულს ივიწყებს, ის მომავალზედაც ხელს იღებს; ყველანი სიკვდილის შვილები ვართ
653 _aქართველი მწერლები;
942 _cBK
999 _c48805
_d48805